00943nam a2200241Ia 450000500170000000800410001702000140005802000140007202000180008604000560010404100080016024501750016826000750034330000250041849000540044350400530049765000230055065000200057365000250059370000310061870000260064970000260067520150525111050.0130821s1997 xxu gr eng  a815627424 a815627432 a9780815627432 aCo-BoUCMbspacJose A. Gerena (modificó)d[Nuevo]00aeng00aTransnational social movements and global politics ceditado por Jackie Smith, Charles Chatfield, Ron Pagnucco ; prólogo de Elise Bouldingbsolidarity beyond the state aSiracusa (Nueva York, Estados Unidos)bSyracuse University pressc1997 axxiii, 311 páginas 0aSyracuse studies on peace and conflict resolution aIncluye referencias bibliográficas e índices07aCiencia política07aGlobalización07aMovimientos sociales1 aChatfield, Charleseeditor1 aPagnucco, Roneeditor1 aSmith, Jackieeeditor